<The> Relationship between price dispersion and inflation <a> reassessment
Saved in:
| Main Author: | |
|---|---|
| Other Authors: | |
| Format: | Book |
| Language: | English |
| Published: |
San Domenico (FI)
European University Institute
2001
|
| Series: | EUI Working paper ECO
No. 2001/10 |
| Subjects: | |
| Tags: |
No Tags, Be the first to tag this record!
|
MARC
| LEADER | 00000nam a2200000 4500 | ||
|---|---|---|---|
| 001 | c133190 | ||
| 005 | 20221124104801.8 | ||
| 041 | 0 | |a eng | |
| 044 | |a IT | ||
| 245 | 1 | 0 | |a <The> Relationship between price dispersion and inflation |b <a> reassessment |c David Fielding, Paul Mizen |
| 264 | 1 | |a San Domenico (FI) |b European University Institute |c 2001 | |
| 300 | |a 31 s. | ||
| 490 | 1 | |a EUI Working paper ECO |v No. 2001/10 | |
| 830 | 0 | |a EUI Working paper ECO |v No. 2001/10 | |
| 610 | 2 | 0 | |a inflácia |
| 610 | 2 | 0 | |a ceny |
| 610 | 2 | 0 | |a modely ekonomické |
| 610 | 2 | 0 | |a teória modelov ekonomicko-matematických |
| 100 | 1 | |a Fielding, David | |
| 700 | 1 | |a Mizen, Paul | |